000 00754nam a2200229 a 4500
001 000022665
005 20200930021728.0
008 101014s1997 es 001 0 spa d
020 _a8423988112
040 _aDO-SdBNP
_bspa
_cBNPHU
082 _axxxx
_bD724j
100 1 _aDosteyevski, Flodor
_946622
245 1 0 _aEl jugador ;
_bHumillados y ofendidos; Stepantchikovo /
_cFlodor Dostoyevski.
260 _aMadrid, :
_bEditorial Espasa Calpe,
_c1997.
_fHuertas
300 _a715 p. ;
_c22 cm.
490 1 _aAntología de la literatura universal
563 _aVarias obras empaginadas en páginas continuas
740 2 _aHumillados y ofendidos
740 2 _aStepantchikovo
830 0 _aAntología de la literatura universa
_946616
049 _aBNPD
999 _c22162
_d22162